000 00286nam a2200121Ia 4500
008 190216s9999||||xx |||||||||||||| ||und||
100 _aShushil Chhangani
245 0 _aHindi-Kahaniyam Hithopadesha Ki
260 _bKalyani Pub:-
_c2008
300 _a80
650 _aHindi
942 _cBK
999 _c16528
_d16528